| 000 | 00476nam a2200157Ia 4500 | ||
|---|---|---|---|
| 008 | 230718s9999 xx 000 0 und d | ||
| 041 | _aeng | ||
| 082 |
_a813.6'547'923 _bKAM |
||
| 100 |
_aKamte V. _9172503 |
||
| 245 |
_aTo The Last Bullet: _bThe Inspiring Story Of Braveheart-Ashok Kamte |
||
| 260 |
_c2009 _bAmey Prakashan |
||
| 300 | _a221 | ||
| 365 |
_cRs. _b300.00 |
||
| 700 |
_aKamte V. & Deshmukh V. _9191172 |
||
| 906 |
_dO:0059322-Feb-2010B:286629-Dec-2009 _cGENRL _b60 |
||
| 999 |
_c324201 _d324201 |
||